Obálka Náhled e-knihy:
PDF Epub
Pro půjčování e-knih musíte být přihlášeni.
Jak si půjčit online?

Skleník /

Nekompromisní sci-fi román uznávaného amerického spisovatele bere čtenáře na fascinující cestu inspirovanou znepokojivými problémy současnosti, jako je omezování svobody projevu.

Uloženo v:
Hlavní autor: Straczynski, J. Michael, 1954- (Autor)
Další autoři: Škrob, Jan J., 1988- (Autor)
Médium: E-kniha
Jazyk:Czech
Vydáno: [Praha] : Bourdon, 2024
Témata:
Tagy:
Žádné tagy
LEADER 02736nam a2200409 i 4500
001 312602
003 CZ PrSKC
005 20260601215725.0
007 ta
008 241107s2024 xr g 000 f cze
015 |a cnb003632970 
020 |a 9788076112155  |q (vázáno) 
035 |a (OCoLC)1519101431 
040 |a ABG001  |b cze  |d ABA001  |e rda 
041 1 |a cze  |h eng 
072 7 |a 821.111(73)-3  |x Americká próza  |2 Konspekt 
080 |a 821.111(73)-31  |2 MRF 
080 |a (0:82-311.9)  |2 MRF 
100 1 |a Straczynski, J. Michael,  |d 1954-  |7 mzk2005282313  |4 aut 
240 1 0 |a Glass box.  |l Česky 
245 1 0 |a Skleník /  |c J. Michael Straczynski ; z anglického originálu The glass box ... přeložil Jan Škrob 
264 1 |a [Praha] :  |b Bourdon,  |c 2024 
300 |a 261 stran ;  |c 21 cm 
336 |a text  |b txt  |2 rdacontent 
337 |a bez média  |b n  |2 rdamedia 
338 |a svazek  |b nc  |2 rdacarrier 
520 2 |a Nekompromisní sci-fi román uznávaného amerického spisovatele bere čtenáře na fascinující cestu inspirovanou znepokojivými problémy současnosti, jako je omezování svobody projevu.  |b Když je Riley Diaz uvězněna na základě nového tajemného zákona o obraně, ocitne se v jednom z rychle přibývajících Amerických středisek obnovy - zařízení po vzoru psychiatrických léčeben -, kde má podstoupit povinnou převýchovu. Program ASO používá ke zlomení disidentů podlé strategie, jako je nucená terapie, nedobrovolná medikace, samovazba, omezené příděly jídla a další. Podvol se, a jsi volný. Vzdoruj a... Osamocená Riley vyhlašuje válku lžím a manipulacím a snaží se program ASO a jeho pracovníky v bílých pláštích zničit. Na počátku zničení nespravedlivého systému někdy stojí pouze jeden člověk, který je ochoten navzdory všemu vstát a říct "ne" - a to i ve chvíli, kdy má pocit, že vstát nedokáže. A Riley Diaz je připravena rozbít Skleník za každou cenu. Nakladatelská anotace. Kráceno. 
655 7 |a americké romány  |7 fd131796  |2 czenas 
655 7 |a vědecko-fantastické romány  |7 fd133847  |2 czenas 
655 9 |a American fiction  |2 eczenas 
655 9 |a science fiction novels  |2 eczenas 
700 1 |a Škrob, Jan J.,  |d 1988-  |7 av2016918481  |4 trl 
900 |a ABA001  |b 20 
044 |a xr 
910 |a RBIT002 
998 |d 416666  |a https://core.palmknihy.cz/api/books/416666/cover?soqwqq  |b https://core.palmknihy.cz/api/books/416666/cover/400?soqwqq  |c https://core.palmknihy.cz/api/books/416666/cover/50?soqwqq  |e 2028-11-30  |g 264  |i 9788076112155  |j https://core.palmknihy.cz/api/books/416666/preview.epub  |k https://core.palmknihy.cz/api/books/416666/preview.pdf  |l   |q 49  |r 1  |s https://www.palmknihy.cz/kniha/416666  |t ebook  |y 2024  |z 0 
999 |d 312600